Pays qui possédaient Damas a travers l'histoire - Statistiques

Statistiques générales
  • Ce quiz a été pris 47 fois
  • Le résultat moyen est 12 sur 26
Statistiques - réponses
Période Pays % Correct
1958 - 1961 République arabes unis
100%
1599 - 1922 Empire Ottoman
93%
1946 - Aujourd'hui Syrie
90%
1922 - 1946 Mandat français en Syrie et au Liban
88%
- 29 - 395 Empire Romain
80%
-538 -/- 333 Empire Perse Achéménide
78%
- 333 -/- 305 Royaume de Macédoine
68%
IIIe Millénaire - ~ -1720 Egypte Antique / Amourrou
59%
395 - 634 Empire Byzantin
59%
1940 - 1941 Régime de Vichy
54%
750 - 970 Califat Abbasside
46%
- 572 -/- 538 Empire Babylonien
44%
661 - 750 Califat Omeyyade
41%
- 734 -/- 572 Empire Assyrien
39%
1063 - 1154 Empire Seldjoukides
32%
- 64 -/- 29 Republique Romaine
32%
- 305 -/- 64 Empire Séleucides
27%
1941 - 1945 France Libre
27%
1261 - 1599 Sultanat Mamelouk d'Égypte
24%
970 - 1063 Califat Fatimide
22%
634 - 661 Califat Rachidun
22%
- 1720 -/- 1570 Hittites
20%
1260 - 1261 Empire Mongol
17%
-1570 -/- 734 Royaume d'Aman-Damas
17%
1183 - 1260 Sultanat Ayyoubide
7%
1154 - 1183 Zengides
5%
Aucun quiz correspondant
Distribution des résultats
% des personnes avec chaque résultat
Percentile par nombre de réponses
Votre historique - résultats
Vous n’avez pas pris ce quiz